| 000 | 00581nam a2200205Ia 4500 | ||
|---|---|---|---|
| 005 | 20250923150036.0 | ||
| 008 | 008 250917s9999 xx 000 0 eng d | ||
| 037 | _aTextual | ||
| 040 |
_aDSWL _beng _cDSWL |
||
| 041 |
_aeng _2eng |
||
| 084 |
_aY15:7:70aw.2, N99 _qDSWL |
||
| 100 |
_aRay, Raka _9841581 |
||
| 245 | 0 |
_aFields of protest : Women's movement in India _c by Raka Ray |
|
| 260 |
_aNew Delhi _bKali for Women _c1999 |
||
| 300 | _a217 p. | ||
| 365 |
_aINR _b250 |
||
| 925 | _g250 | ||
| 942 |
_cTEXL _hY15:7:70aw.2, N99 |
||
| 999 |
_c1458888 _d1458888 |
||